Fundamentals of compressible flow : (Record no. 1404)

MARC details
000 -LEADER
fixed length control field 01040nam a2200277 i 4500
003 - CONTROL NUMBER IDENTIFIER
control field EG-ScBUE
005 - DATE AND TIME OF LATEST TRANSACTION
control field 20250525084123.0
008 - FIXED-LENGTH DATA ELEMENTS--GENERAL INFORMATION
fixed length control field 250508r20042003ii a f b 001 0 eng d
020 ## - INTERNATIONAL STANDARD BOOK NUMBER
International Standard Book Number 8122414680
040 ## - CATALOGING SOURCE
Original cataloging agency EG-ScBUE
Language of cataloging eng
Description conventions rda
Transcribing agency EG-ScBUE
Modifying agency EG-ScBUE
082 04 - DEWEY DECIMAL CLASSIFICATION NUMBER
Classification number 533.21
Item number YAH
Edition number 22
100 1# - MAIN ENTRY--PERSONAL NAME
Personal name Yahya, S. M.,
Relator term author.
245 10 - TITLE STATEMENT
Title Fundamentals of compressible flow :
Remainder of title with aircraft and rocket propulsion /
Statement of responsibility, etc S. M. Yahya, former professor and Head Mechanical Engineering Department, Indian Institute of Technology, New Delhi.
250 ## - EDITION STATEMENT
Edition statement Third edition, si units.
250 ## - EDITION STATEMENT
Edition statement Reprint edition
264 #1 - PUBLICATION, DISTRIBUTION, ETC. (IMPRINT)
Place of publication, distribution, etc New Delhi :
Name of publisher, distributor, etc New Age International (P) Limited, Publishers,
Date of publication, distribution, etc 2004.
300 ## - PHYSICAL DESCRIPTION
Extent xv, 687 pages :
Other physical details illustrations ;
Dimensions 24 cm
336 ## - CONTENT TYPE
Source rdacontent
Content type term text
Content type code txt
337 ## - MEDIA TYPE
Media type term unmediated
Source rdamedia
Media type code n
338 ## - CARRIER TYPE
Carrier type term volume
Carrier type code nc
Source rdacarrier
500 ## - GENERAL NOTE
General note Includes appendix.<br/>
504 ## - BIBLIOGRAPHY, ETC. NOTE
Bibliography, etc Includes bibliographical references and index.<br/>
650 #7 - SUBJECT ADDED ENTRY--TOPICAL TERM
Topical term or geographic name as entry element Gas dynamics.
Source of heading or term BUEsh
655 ## - INDEX TERM--GENRE/FORM
Form subdivision Reading book
942 ## - ADDED ENTRY ELEMENTS (KOHA)
Koha item type Book - Borrowing
Source of classification or shelving scheme Dewey Decimal Classification
Holdings
Withdrawn status Lost status Source of classification or shelving scheme Damaged status Not for loan Collection code Home library Current library Shelving location Date acquired Source of acquisition Total Checkouts Full call number Barcode Date last seen Price effective from Koha item type
    Dewey Decimal Classification     Baccah Central Library Central Library First floor 06/09/2007 Purchase   533.21 YAH 000003043 15/07/2025 07/09/2006 Book - Borrowing
    Dewey Decimal Classification     Baccah Central Library Central Library First floor 06/09/2007 Purchase   533.21 YAH 000003044 15/07/2025 07/09/2006 Book - Borrowing